01406nam a2200337 a 4500001001200000003000800012006001900020007001500039008004100054010001700095020003800112040002100150035002100171043001200192050002300204082002100227245016100248260007300409300002500482504005400507533015200561610004900713610004800762650002900810650001600839655002900855700002400884710001700908856012600925999001701051ebr10246311CaPaEBRm u cr cn|||||||||080428s2008 caua sb 000 0 eng  z 2008019155 z9780833042941 (pbk. : alk. paper) aCaPaEBRcCaPaEBR a(OCoLC)259716130 an-us---14aVB203b.D48 2008eb04a359.3/31097322200aDeveloping senior Navy leadersh[electronic resource] :brequirements for flag officer expertise today and in the future /cLawrence M. Hanser ... [et al.]. aSanta Monica, CA :bRand National Defense Research Institute,c2008. axxiv, 151 p. :bill. aIncludes bibliographical references (p. 149-151). aElectronic reproduction.bPalo Alto, Calif. :cebrary,d2013.nAvailable via World Wide Web.nAccess may be limited to ebrary affiliated libraries.10aUnited States.bNavyxOfficersxTraining of.10aUnited States.bNavyxPersonnel management. 0aAdmiralszUnited States. 0aLeadership. 7aElectronic books.2local1 aHanser, Lawrence M.2 aebrary, Inc.40uhttp://site.ebrary.com/lib/rucke/Doc?id=10246311zAn electronic book accessible through the World Wide Web; click to view c36183d36183